<?xml version="1.0" encoding="UTF-8"?>
<collection xmlns="http://www.loc.gov/MARC21/slim">
 <record>
  <leader>01922nam a2200325 a 4500</leader>
  <controlfield tag="001">1/48216</controlfield>
  <controlfield tag="008">190110s2010    gr afo   b    00010 gre  </controlfield>
  <datafield tag="020" ind1=" " ind2=" ">
   <subfield code="a">9789608369450</subfield>
  </datafield>
  <datafield tag="035" ind1=" " ind2=" ">
   <subfield code="l">51212</subfield>
  </datafield>
  <datafield tag="040" ind1=" " ind2=" ">
   <subfield code="a">GR-PeUP</subfield>
  </datafield>
  <datafield tag="082" ind1="0" ind2="0">
   <subfield code="a">726.5094961 ΜΟΡ</subfield>
  </datafield>
  <datafield tag="100" ind1="1" ind2=" ">
   <subfield code="a">Μοροπούλου, Αντωνία.</subfield>
  </datafield>
  <datafield tag="245" ind1="1" ind2="0">
   <subfield code="a">Η ελληνική συμβολή στη συντήρηση της Αγια-Σοφιάς /</subfield>
   <subfield code="c">Αντωνία Μοροπούλου ; [επιμέλεια έκδοσης Γιώτα Καζάζη].</subfield>
  </datafield>
  <datafield tag="260" ind1="0" ind2=" ">
   <subfield code="a">Αθήνα :</subfield>
   <subfield code="b">Τεχνικό Επιμελητήριο Ελλάδας,</subfield>
   <subfield code="c">c2010.</subfield>
  </datafield>
  <datafield tag="300" ind1=" " ind2=" ">
   <subfield code="a">252 σ. :</subfield>
   <subfield code="b">εικ., διαγρ., φωτ, ;</subfield>
   <subfield code="c">22 x 30 εκ.</subfield>
  </datafield>
  <datafield tag="500" ind1=" " ind2=" ">
   <subfield code="a">Περιλήψεις στα ελληνικά, αγγλικά και τουρκικά.</subfield>
  </datafield>
  <datafield tag="504" ind1=" " ind2=" ">
   <subfield code="a">Περιέχει βιβλιογραφικές αναφορές.</subfield>
  </datafield>
  <datafield tag="610" ind1="2" ind2="4">
   <subfield code="a">Ναός Αγίας Σοφίας (Κωνσταντινούπολη).</subfield>
  </datafield>
  <datafield tag="610" ind1="2" ind2="0">
   <subfield code="a">Ayasofya Müzesi.</subfield>
  </datafield>
  <datafield tag="650" ind1=" " ind2="4">
   <subfield code="a">Εκκλησιαστική αρχιτεκτονική</subfield>
   <subfield code="z">Τουρκία</subfield>
   <subfield code="z">Κωνσταντινούπολη.</subfield>
  </datafield>
  <datafield tag="650" ind1=" " ind2="4">
   <subfield code="a">Ναοί</subfield>
   <subfield code="z">Τουρκία</subfield>
   <subfield code="z">Κωνσταντινούπολη.</subfield>
  </datafield>
  <datafield tag="650" ind1=" " ind2="4">
   <subfield code="a">Αρχιτεκτονική, Βυζαντινή.</subfield>
  </datafield>
  <datafield tag="650" ind1=" " ind2="4">
   <subfield code="a">Εκκλησιαστική αρχιτεκτονική</subfield>
   <subfield code="x">Συντήρηση και αποκατάσταση</subfield>
   <subfield code="z">Τουρκία</subfield>
   <subfield code="z">Κωνσταντινούπολη.</subfield>
  </datafield>
  <datafield tag="650" ind1=" " ind2="4">
   <subfield code="a">Architecture, Byzantine.</subfield>
  </datafield>
  <datafield tag="650" ind1=" " ind2="4">
   <subfield code="a">Church architecture</subfield>
   <subfield code="x">Conservation and restoration</subfield>
   <subfield code="z">Turkey</subfield>
   <subfield code="z">Istanbul.</subfield>
  </datafield>
  <datafield tag="650" ind1=" " ind2="4">
   <subfield code="a">Church architecture</subfield>
   <subfield code="z">Turkey</subfield>
   <subfield code="z">Istanbul.</subfield>
  </datafield>
  <datafield tag="650" ind1=" " ind2="4">
   <subfield code="a">Church buildings</subfield>
   <subfield code="z">Turkey</subfield>
   <subfield code="z">Istanbul.</subfield>
  </datafield>
  <datafield tag="700" ind1="1" ind2=" ">
   <subfield code="a">Καζάζη, Γιώτα.</subfield>
  </datafield>
  <datafield tag="710" ind1="2" ind2=" ">
   <subfield code="a">Τεχνικό Επιμελητήριο της Ελλάδος.</subfield>
  </datafield>
  <datafield tag="852" ind1=" " ind2=" ">
   <subfield code="a">INST</subfield>
   <subfield code="b">UNIPILB</subfield>
   <subfield code="c">MAIN</subfield>
   <subfield code="e">20190110</subfield>
   <subfield code="h">726.5094961 ΜΟΡ</subfield>
   <subfield code="p">00180220</subfield>
   <subfield code="q">00180220</subfield>
   <subfield code="t">LOAN</subfield>
   <subfield code="y">0</subfield>
   <subfield code="4">1</subfield>
  </datafield>
 </record>
</collection>
